MARC details
| 000 -CABECERA |
| campo de control de longitud fija |
00958nam a2200265 a 4500 |
| 005 - FECHA Y HORA DE LA ÚLTIMA TRANSACCIÓN |
| campo de control |
20240420063855.0 |
| 008 - ELEMENTOS DE LONGITUD FIJA--INFORMACIÓN GENERAL |
| campo de control de longitud fija |
010924s1995 es r 000 0 spa d |
| 020 ## - NÚMERO INTERNACIONAL NORMALIZADO PARA LIBROS |
| Número Internacional Estándar del Libro |
8432308676 |
| 035 ## - NÚMERO DE CONTROL DEL SISTEMA |
| Número de control de sistema |
UPN01000112306 |
| 049 ## - COLECCIÓN |
| Colección |
CG |
| 050 #4 - SIGNATURA TOPOGRÁFICA DE LA BIBLIOTECA DEL CONGRESO |
| Número de clasificación |
RC570.2 |
| Número de documento/Ítem |
P4.7 1995 |
| 245 00 - MENCIÓN DE TÍTULO |
| Título |
Personas con discapacidad : |
| Resto del título |
perspectivas psicopedagógicas y rehabilitadoras / |
| Mención de responsabilidad, etc. |
A. Aguado ... [et al.] ; dir. Miguel A. Verdugo Alonso. |
| 250 ## - MENCIÓN DE EDICIÓN |
| Mención de edición |
2a ed. |
| 260 ## - PUBLICACIÓN, DISTRIBUCIÓN, ETC. |
| Lugar de publicación, distribución, etc. |
Madrid : |
| Nombre del editor, distribuidor, etc. |
Siglo XXI, |
| Fecha de publicación, distribución, etc. |
1995. |
| 300 ## - DESCRIPCIÓN FÍSICA |
| Extensión |
xxvi, 1437 p. |
| 440 #0 - MENCIÓN DE SERIE/ASIENTO SECUNDARIO--TÍTULO |
| Título |
Manuales. |
| Nombre de parte o sección de la obra |
Psicología |
| 590 ## - NOTA LOCAL (RLIN) |
| Nota local |
(También localizas un ejemplar en el "Area de Reserva") |
| 590 ## - NOTA LOCAL (RLIN) |
| Nota local |
Bibliografía Básica (BGTQ) |
| 650 #4 - ASIENTO SECUNDARIO DE MATERIA - TERMINO TEMATICO |
| Término de materia o nombre geográfico como elemento de entrada |
PERSONAS CON DISCAPACIDAD MENTAL - |
| Subdivisión general |
REHABILITACION |
| 9 (RLIN) |
13814 |
| 650 #4 - ASIENTO SECUNDARIO DE MATERIA - TERMINO TEMATICO |
| Término de materia o nombre geográfico como elemento de entrada |
Educación especial |
| 9 (RLIN) |
3029 |
| 650 #4 - ASIENTO SECUNDARIO DE MATERIA - TERMINO TEMATICO |
| Término de materia o nombre geográfico como elemento de entrada |
PERSONAS CON DISCAPACIDAD MENTAL - |
| Subdivisión general |
EDUCACION |
| 9 (RLIN) |
10903 |
| 700 1# - ASIENTO SECUNDARIO--NOMBRE DE PERSONAL |
| Nombre de persona |
Aguado, A., |
| Término indicativo de función/relación |
coaut. |
| 700 1# - ASIENTO SECUNDARIO--NOMBRE DE PERSONAL |
| Nombre de persona |
Verdugo Alonso, Miguel Angel, |
| Término indicativo de función/relación |
dir. |
| 9 (RLIN) |
31988 |
| 905 ## - TIPO DE MATERIAL |
| Tipo de material |
Libro |